Normal view
MARC view
Entry Topical Term
001 - CONTROL NUMBER
- control field: 17128
003 - CONTROL NUMBER IDENTIFIER
- control field: VITAP
005 - DATE AND TIME OF LATEST TRANSACTION
- control field: 20260218160911.0
008 - FIXED-LENGTH DATA ELEMENTS
- fixed length control field: 260218|| aca||babn | a|a d
040 ## - CATALOGING SOURCE
- Original cataloging agency: VITAP
150 ## - HEADING--TOPICAL TERM
- Topical term or geographic name entry element: Mahatma Gandhi, 1869–1948 - Assassination; Trials (Assassination) - India; Political crimes and offenses - India - History - 20th century